| 000 | 00645nam a2200205 i 4500 | ||
|---|---|---|---|
| 001 | 78279 | ||
| 003 | ES-MaACL | ||
| 005 | 20250823021524.0 | ||
| 007 | t| | ||
| 008 | 041013s1973 sp ||||1| spa d | ||
| 100 | 1 |
_aHäring, Bernhard. _961847 |
|
| 245 | 1 | 3 |
_aLa moral y la persona / _cBernhard Häring ; [versión de Alejandro Esteban Lator Ros]. |
| 260 |
_aBarcelona : _bHerder, _c1973. |
||
| 300 |
_a245 p. ; _c22 cm. |
||
| 650 | 0 | 7 |
_aPersonalismo _2embne _915975 |
| 650 | 7 |
_aMoral cristiana _2embne _9142371 |
|
| 700 | 1 |
_aLator Ros, Alejandro Esteban. _970527 |
|
| 852 |
_aES-MaACL _jC-54756 _bR.87235 |
||
| 999 |
_c78279 _d78279 |
||